Sobotta atlas de anatomía humana (Registro nro. 3948)

Detalles MARC
000 -CABECERA
campo de control de longitud fija 00757nam a2200241 a 4500
001 - NÚMERO DE CONTROL
campo de control Rebiun13579004
003 - IDENTIFICADOR DEL NÚMERO DE CONTROL
campo de control AR-RoIUNI
005 - FECHA Y HORA DE LA ÚLTIMA TRANSACCIÓN
campo de control 20241122062701.0
008 - DATOS DE LONGITUD FIJA--INFORMACIÓN GENERAL
campo de control de longitud fija 140211s2012 ne a 000 0 spa d
020 ## - NÚMERO INTERNACIONAL ESTÁNDAR DEL LIBRO
Número Internacional Estándar del Libro 9788480868747 (obra completa)
020 ## - NÚMERO INTERNACIONAL ESTÁNDAR DEL LIBRO
Número Internacional Estándar del Libro 9788480865784 (tablas)
040 ## - FUENTE DE LA CATALOGACIÓN
Centro catalogador/agencia de origen USPCEU-MHL.
Centro/agencia transcriptor AR-RoIUNI
080 ## - NÚMERO DE LA CLASIFICACIÓN DECIMAL UNIVERSAL
Número de la Clasificación Decimal Universal 611.01 SOB
245 10 - MENCIÓN DE TÍTULO
Título Sobotta atlas de anatomía humana
Resto del título tablas de músculos, articulaciones y nervios
Mención de responsabilidad, etc. [editada por] F. Paulsen y J. Waschke
Nombre de parte o sección de la obra Tablas
250 ## - MENCIÓN DE EDICIÓN
Mención de edición 2da. ed.
260 ## - PUBLICACIÓN, DISTRIBUCIÓN, ETC. (PIE DE IMPRENTA)
Lugar de publicación, distribución, etc. Amsterdam [etc.] :
Nombre del editor, distribuidor, etc. Elsevier,
Fecha de publicación, distribución, etc. 2012c
300 ## - DESCRIPCIÓN FÍSICA
Extensión 76 p. :
Otras características físicas il. ;
Dimensiones 31 cm
650 10 - PUNTO DE ACCESO ADICIONAL DE MATERIA--TÉRMINO DE MATERIA
Término de materia o nombre geográfico como elemento inicial Anatomía
9 (RLIN) 115
650 10 - PUNTO DE ACCESO ADICIONAL DE MATERIA--TÉRMINO DE MATERIA
Término de materia o nombre geográfico como elemento inicial Medicina
9 (RLIN) 58
700 1# - PUNTO DE ACCESO ADICIONAL--NOMBRE DE PERSONA
Nombre de persona Waschke, Jens,
Término indicativo de función/relación ed
700 1# - PUNTO DE ACCESO ADICIONAL--NOMBRE DE PERSONA
Nombre de persona Paulsen, Friedrich,
Término indicativo de función/relación ed
942 ## - ELEMENTOS DE PUNTO DE ACCESO ADICIONAL (KOHA)
Fuente del sistema de clasificación o colocación Clasificación Decimal Universal
Tipo de ítem Koha Libros
Existencias
Estado de retiro Estado de pérdida Fuente del sistema de clasificación o colocación Estado dañado Excepción de préstamo Código de colección Localización permanente Ubicación/localización actual Ubicación en estantería Fecha de adquisición Fuente de adquisición Número de inventario Total de préstamos Renovaciones totales Signatura topográfica completa Código de barras Fecha visto por última vez Fecha del último préstamo Precio válido a partir de Tipo de ítem Koha
    Clasificación Decimal Universal     Medicina BIBLIOTECA CENTRAL BIBLIOTECA CENTRAL BIBLIOTECA CENTRAL 19/09/2018 Compra 4196 4 3 611.01 SOB 4196c 04/07/2024 27/06/2024 19/09/2018 Libros